000 01005 a2200301 4500
260 _aParis
260 _bMasson
245 _aV1 : Circuits à éléments localisés V2 : Les lignes de transmission. Circuits à éléments répartis V3 : Les générateurs d'impulsions V4 : Les générateurs spéciaux V5 : Les circuits transmetteurs d'impulsions V6 Lignes couplées en régime transitoire : fasc1 : couplages et parasitages entre lignes fasc2 : couplages et transformateurs à lignes
300 _a5v
700 _aMETZGER, Georges
700 _aVABRE, Jean Paul
650 _a<Circuits d'impulsions>
440 _aElectronique des impulsions
260 _c1975
300 _b24 cm
130 _lFr.
440 _a(Les Techniques de base de l'informatique)
035 _a3091
035 _a3092
035 _a3093
035 _a3094
035 _a3095
035 _a4004
035 _a4362
500 _aComprend des index
999 _c13401
_d13401